000 00419nam a2200205Ia 4500
001 000834
003 YMCAF
005 20230512160036.0
008 100717s1971 ||||||||||||||||| ||und|d
024 _a834
035 _a816
040 _aYMCAF
_beng
_cIN-KoLT
041 _aeng
082 _aSCI-HOU
100 _aHOUPT
245 0 _aSCIENCE MECH. ENGG TECH..
260 _c1971
300 _a258
942 _2ddc
_cBK
999 _c650
_d650